| 000 | 00581nam a22001937a 4500 | ||
|---|---|---|---|
| 005 | 20251108172524.0 | ||
| 008 | 250721s9999 xx 000 0 ara d | ||
| 082 | 1 | 4 | _a613.2عبي |
| 100 | 1 | _aعبيدي، خالد يحيى | |
| 245 | 1 | 0 | _aكيمياء الحياتية : غذائنا و الأمراض / |
| 264 | 1 |
_aعمان : _bدار صفاء للنشر و التوزيع، |
|
| 300 | _a298ص | ||
| 650 | 1 | 7 | _aالكيميائيات الحيوية |
| 650 | 1 | 7 | _aالتغذية |
| 650 | 1 | 7 | _aالصحة |
| 650 | 1 | 7 | _aالأمراض |
| 942 |
_2ddc _cBK |
||
| 999 |
_c81501 _d81501 |
||